000 00233nam a2200121Ia 4500
100 _a#N/A
650 _aComputer/ IT
942 _cBK
654 _amanorama
245 _aManorama Yearbook 2007
260 _b#N/A
546 _aENGLISH
999 _c21518
_d21518